Quizzes
Events
Quiz Creation
Community
Videos
Private Events
Remove Ads
Sign In
Join for FREE
Feedback
Dark Mode
Quiz Categories
Sports
Geography
Music
Movies
Television
Just For Fun
Miscellaneous
History
Literature
Language
Science
Gaming
Entertainment
Religion
Holiday
For Kids
Quiz Lab
Recent
Popular Today
Quiz Kudos Today
Editor Picks
Curator Picks
Quizzes by...
Day
Popularity
Type
Ratings
Length
Year
Community
Subscriptions
Recent Discussions
Orange Saloon
Badges
Playlists
Quests
Create
Leaderboards
Showdown
Live 5
Trivia Bingo
Activity
Puzzle Library
Sporcle Events
Private Events
Virtual Trivia
Globe League
Become a Host
Pub Owners
SporcleCon
Opinionation
Our Games
Videos
Blog
Mobile Apps
Partnerships
Remove Ads and Go Orange
Feedback
Sports
Athletes
MLB
NBA
NHL
NFL
Soccer
Sports Teams
WWE
NCAA
Football
Premier League
Basketball
Baseball
Hockey
Golf
Tennis
Cricket
Rugby
Auto Racing
Olympics
World Cup
Sports
Athletes
MLB
NBA
NHL
NFL
Soccer
Sports Teams
WWE
NCAA
Football
Premier League
Basketball
Baseball
Hockey
Golf
Tennis
Cricket
Rugby
Auto Racing
Olympics
World Cup
Random Quiz
Search Sporcle
×
Quiz Lab
Quiz Lab
Sports
Football
Type in answers that appear in a list
Type in answers that appear in a list
Classic
Best Score? Go Orange.
AFC All-Time Teams - North and South Stats
Can you name the Reasons Why You'll Call Me An Idiot Because You Disagree?
By
BooYAH
20m
192 Questions
195 Plays
195 Plays
195 Plays
Comments
Comments
Give Quiz Kudos
Give Quiz Kudos
-
- Ratings
hide this ad
More Info
Replay
Link that replays current quiz
Next Quiz
Link to next quiz in quiz playlist
You Got
0%
They Got
Avg Score
40%
Avg Friend Score
Upgrade to see
Score Distribution
Jump to the score distribution portion of the page
Score
0/192
Timer
20:00
0
Plays Today
Team
Player
% Correct
Bengals
Chad Ochocinco
92.8%
Steelers
Franco Harris
92.8%
Steelers
Terry Bradshaw
91.8%
Ravens
Joe Flacco
91.3%
Browns
Jim Brown
91.3%
Ravens
Orlando Brown
90.8%
Bengals
James Brooks
90.8%
Bengals
Bob Johnson
90.3%
Ravens
Jamal Lewis
89.7%
Ravens
Ray Lewis
89.7%
Texans/
Oilers
Andre Johnson
89.7%
Titans
Chris Johnson
89.7%
Steelers
Jerome Bettis
87.2%
Colts
Johnny Unitas
86.7%
Jaguars
Jimmy Smith
86.2%
Bengals
Willie Anderson
85.6%
Bengals
Ken Anderson
85.6%
Colts
Billy Ray Smith
85.6%
Texans/
Oilers
Al Smith
85.6%
Titans
Robaire Smith
85.6%
Jaguars
Darryl Smith
85.6%
Colts
Marvin Harrison
84.6%
Steelers
Hines Ward
84.1%
Colts
Edgerrin James
81.5%
Titans
Steve McNair
80%
Steelers
Joe Greene
79.5%
Texans/
Oilers
Warren Moon
79.5%
Ravens
Derrick Mason
79%
Titans
Derrick Mason
79%
Colts
Reggie Wayne
76.9%
Jaguars
Mark Brunell
76.9%
Ravens
Ed Reed
75.9%
Steelers
Lynn Swann
74.9%
Bengals
Corey Dillon
74.4%
Steelers
Jack Lambert
74.4%
Browns
Otto Graham
73.8%
Titans
Eddie George
73.8%
Jaguars
Fred Taylor
72.3%
Jaguars
Maurice Jones-Drew
72.3%
Texans/
Oilers
Earl Campbell
71.3%
Ravens
Todd Heap
70.3%
Steelers
Jack Ham
70.3%
Ravens
Rod Woodson
69.2%
Steelers
Rod Woodson
69.2%
Bengals
Reggie Williams
68.7%
Texans/
Oilers
Mario Williams
68.7%
Jaguars
Reggie Williams
68.7%
Ravens
Wally Williams
68.2%
Jaguars
Maurice Williams
68.2%
Steelers
John Stallworth
66.2%
Browns
Clay Matthews
65.6%
Bengals
Anthony Munoz
65.1%
Steelers
Troy Polamalu
65.1%
Texans/
Oilers
Bruce Matthews
65.1%
Titans
Bruce Matthews
65.1%
Ravens
Willis McGahee
64.1%
Ravens
Jonathan Ogden
63.1%
Colts
Dwight Freeney
62.6%
Ravens
Terrell Suggs
62.1%
Colts
Bob Sanders
62.1%
Browns
Ozzie Newsome
60%
Colts
Jeff Saturday
59.5%
Steelers
Mel Blount
58.5%
Steelers
Alan Faneca
55.4%
Team
Player
% Correct
Ravens
Haloti Ngata
53.3%
Steelers
L.C. Greenwood
53.3%
Ravens
Adalius Thomas
51.8%
Steelers
Dwight White
51.8%
Texans/
Oilers
Lorenzo White
51.8%
Bengals
Isaac Curtis
48.7%
Steelers
Dermontti Dawson
48.7%
Steelers
Mike Webster
48.7%
Browns
Leroy Kelly
47.7%
Steelers
Greg Lloyd
44.6%
Ravens
Chris McAlister
43.6%
Ravens
Peter Boulware
43.1%
Jaguars
Rashean Mathis
43.1%
Browns
Paul Warfield
42.6%
Browns
Gary Collins
42.1%
Titans
Jevon Kearse
42.1%
Colts
Raymond Berry
41%
Jaguars
Keenan McCardell
40.5%
Ravens
Mark Clayton
40%
Colts
Lenny Moore
40%
Texans/
Oilers
Zeke Moore
40%
Texans/
Oilers
Elvin Bethea
39%
Steelers
Donnie Shell
37.9%
Titans
Albert Haynesworth
37.9%
Bengals
Carl Pickens
35.9%
Jaguars
John Henderson
35.9%
Colts
John Mackey
35.4%
Colts
Eugene Daniel
35.4%
Texans/
Oilers
Owen Daniels
34.4%
Titans
Keith Bulluck
33.8%
Jaguars
Tony Boselli
33.8%
Ravens
Tony Siragusa
32.8%
Texans/
Oilers
Mike Munchak
32.8%
Titans
Frank Wycheck
32.8%
Titans
Courtland Finnegan
32.8%
Colts
Mike Curtis
32.3%
Steelers
Andy Russell
31.3%
Texans/
Oilers
DeMeco Ryans
31.3%
Browns
Michael Dean Perry
30.8%
Colts
Jim Parker
29.2%
Jaguars
Marcus Stroud
29.2%
Ravens
Duane Starks
28.2%
Titans
Fred Miller
26.2%
Titans
Drew Bennett
25.6%
Titans
Eddie Robinson
25.1%
Titans
Michael Griffin
25.1%
Jaguars
Mike Peterson
24.6%
Colts
Gino Marchetti
24.1%
Steelers
Ernie Stautner
23.6%
Browns
Jim Houston
23.6%
Texans/
Oilers
Ken Houston
23.6%
Colts
Art Donovan
23.1%
Texans/
Oilers
Ernest Givins
23.1%
Titans
Klye Vanden Bosch
23.1%
Browns
Frank Minnifield
22.1%
Browns
Hanford Dixon
22.1%
Bengals
Tim Krumrie
21.5%
Browns
Gene Hickerson
20.5%
Browns
Lou Groza
20.5%
Texans/
Oilers
Ray Childress
20.5%
Jaguars
Kyle Brady
20.5%
Titans
Kevin Dyson
20%
Bengals
James Francis
19.5%
Steelers
Tunch Ilkin
19.5%
Team
Player
% Correct
Jaguars
Reggie Nelson
19.5%
Colts
Tarik Glenn
19%
Titans
Samari Rolle
19%
Titans
Chris Hope
19%
Texans/
Oilers
Robert Brazile
18.5%
Ravens
Qadry Ismail
17.9%
Texans/
Oilers
Charley Hennigan
17.9%
Steelers
Jon Kolb
16.9%
Bengals
David Fulcher
16.4%
Ravens
Ben Grubbs
15.9%
Browns
Len Ford
15.9%
Browns
Bill Willis
15.9%
Ravens
Michael McCrary
15.4%
Browns
Dante Lavelli
15.4%
Ravens
Rob Burnett
14.9%
Bengals
Ken Riley
14.9%
Bengals
Max Montoya
14.9%
Bengals
Rodney Holman
14.9%
Bengals
Lemar Parrish
14.4%
Bengals
Mike Reid
14.4%
Bengals
Eddie Edwards
14.4%
Browns
Chip Banks
13.8%
Titans
Michael Roos
13.8%
Colts
Duane Bickett
13.3%
Jaguars
Kevin Hardy
13.3%
Bengals
Ross Browner
12.8%
Jaguars
Tony Brackens
12.8%
Jaguars
Donovin Darius
12.3%
Browns
Thom Darden
11.8%
Texans/
Oilers
Chris Dishman
11.8%
Texans/
Oilers
William Fuller
11.3%
Browns
Dick Schafrath
10.8%
Jaguars
Brad Meester
9.7%
Bengals
Louis Breeden
8.7%
Titans
Brad Hopkins
8.7%
Bengals
Jim LeClair
8.2%
Steelers
Elbie Nickel
8.2%
Browns
Mike McCormack
8.2%
Browns
Frank Gatski
8.2%
Ravens
Mike Flynn
7.7%
Colts
Ray Donaldson
7.7%
Browns
Walt Michaels
7.2%
Jaguars
Paul Spicer
7.2%
Jaguars
Aaron Beasley
7.2%
Colts
Jeff Herrod
6.7%
Texans/
Oilers
Jim Norton
6.7%
Titans
Benji Olson
6.7%
Titans
David Thornton
6.2%
Texans/
Oilers
Gregg Bingham
5.6%
Bengals
Dave Lapham
5.1%
Browns
Warren Lahr
5.1%
Colts
Bobby Boyd
5.1%
Jaguars
Vince Manuwai
5.1%
Bengals
Al Beauchamp
4.6%
Colts
Jerry Logan
4.6%
Colts
Bob Vogel
4.1%
Texans/
Oilers
Bob Talamini
4.1%
Titans
Peter Sirmon
4.1%
Jaguars
Chris Naeole
4.1%
Browns
Paul Wiggin
3.6%
Jaguars
Akin Ayodele
3.1%
Colts
Don Shinick
1.5%
Texans/
Oilers
Elbert Drungo
1.5%
Texans/
Oilers
Bobby Maples
1%
Quiz Playlist
Details
Report
Send in Message
Add To Playlist
More Info:
Based on various respective "All Time Team" lists on the internet. *=Hall of Famer
Classic:
Type in answers that appear in a list
Last Updated: Feb 16, 2017
Quiz Scoreboard
CHALLENGE
Sign Up to Join the Scoreboard
Show All
Scores
Hide
Comments
May contain spoilers
Recently Published
Presidents Visiting Landmarks
by Hejman
History
7m
An Introduction to Baseball
by treessimontrees
Sports
5m
Movies - When Are They Set?
by FPL_Elf
Movies
5m
More to Explore
Quiz From the Vault
Featured Blog Post
Where Did the Easter Bunny Come From?
hide this ad
You Might Also Like...
Tags
Football Quiz
AFC
AFC North
north
Player
south
team
Today's Top Quizzes in Sports
Browse Sports
hide this ad
Today's Top Quizzes in Football
Browse Football
Top Contributed Quizzes in Sports
1
Les meilleurs buteurs des matchs entre le PSG et l’OM
2
2022 World Cup Stars
3
FIFA Club World Cup Champions
4
Les entraîneurs de l'OM et du PSG au 21e siècle
5
Name the Premier League winners with different clubs
6
La finale Lions - Afrique du Sud 2021
7
England Test cricketers to play under Nasser Hussain
8
5-to-1: UK Sports Teams
9
Les joueurs passés par le LOSC et le RC Lens
10
Criteria MLB: Left Handed Sluggers
Explore More
Trending Topics
Harry Potter
Anime
Disney
Kpop
Marvel
NBA
Crossword
NFL
The Office
Pokémon
Soccer
Song
Country
WWE
Puzzle
hide this ad
More By:
BooYAH
Quiz
Plays
Rating
Category
Featured
Created
NFL Last 20 Rookie Leaders
52,717
4.47
Sports
Jan 3, 2015
NBA - Leaders on Greatest Teams of All Time
24,166
4.52
Sports
Jun 19, 2015
Every Playoff QB Ever ...Since 2000
12,891
4.43
Sports
Feb 15, 2012
World Series Lineups - 1990s
11,983
4.73
Sports
Apr 2, 2010
MLB Lineups - AL East Champions (1990-2010)
8,877
4.47
Sports
Apr 11, 2012
Go to Creator's Profile
Score Distribution
Quiz Creator Spotlight
BooYAH
Follow
Send a Message
Quizzes Created
-
Created Quiz Play Count
-
More By This Creator
Popular Quizzes Today
1
Find the Countries of Europe - No Outlines Minefield
2
Find the US States - No Outlines Minefield
3
The Countries of the World
4
Popular People in 1961
5
Find the US States
6
US States
7
1-10 Letter E Words III
8
Risky Map Clicking: Biggest States A-Z
More Sports Quizzes
Playoff Opponents of Kobe Bryant
Published
Trending Quizzes
Risky Map Clicking: Least Populous States A-Z
1-10 Letter F Words
1-10 Letter G Words
One Thing in Common: United Kingdom
Risky Map Clicking: Next State Alphabetically
Recently Updated
Leaping Animals
pecheneg
Reality TV Shows (A-Z)
bhenderson79
Rickey Henderson's Hall of Fame Teammates
pecheneg
Champions League XIs: Arsenal
pecheneg
Quick Pick: Celebrities in WWE's Hall of Fame
aduchscher
A-Z Keypad Blitz II
pecheneg
Multiple Oscar Actors
pecheneg
Mystery Phrase Blitz: Oscar 'Best Actors'
pecheneg
F. Scott Fitzgerald Novels
LTH
Pick 3 Villains
ddd62291
Trending Topics
Disney
Kpop
Crossword
Harry Potter
Marvel
NBA
Anime
Country
Soccer
The Office
Song
Puzzle
NFL
Pokémon
WWE
Your Account Isn't Verified!
In order to create a playlist on Sporcle, you need to verify the email address you used during registration. Go to your
Sporcle Settings
to finish the process.
Report this User
Report this user for behavior that violates our
Community Guidelines
.
Details:
Send Report
Go to the Sporcle.com Mobile Site →
Comments